Normal view
MARC view
Entry Personal Name
001 - CONTROL NUMBER
- control field: 51562
003 - CONTROL NUMBER IDENTIFIER
- control field: dpl
005 - DATE AND TIME OF LATEST TRANSACTION
- control field: 20120827151701.0
008 - FIXED-LENGTH DATA ELEMENTS
- fixed length control field: 120827|||a|||||| | ||| d
040 ## - CATALOGING SOURCE
- Original cataloging agency: dpl
- Transcribing agency: dpl
100 ## - HEADING--PERSONAL NAME
- Personal name: Sriram, Suraj 'Eskay'
670 ## - SOURCE DATA FOUND
- Source citation: Work cat.: (dpl)63728: Sriram, Suraj 'Eskay', Indira Gandhi :, 2011
670 ## - SOURCE DATA FOUND
- Source citation: Work cat.: (dpl)63728: Sriram, Suraj 'Eskay', Indira Gandhi :, 2011
